| 000 | 00609nam a2200205 a 4500 | ||
|---|---|---|---|
| 005 | 20230524063632.0 | ||
| 008 | 991125s1984 es 000 0 spa u | ||
| 020 | _a8427705433 | ||
| 035 | _aUPN01000004027 | ||
| 049 | _aLT | ||
| 050 | 4 |
_aLB1589 E7 _bC4.2 1984 AU |
|
| 100 | 1 | _aCela, Pilar | |
| 245 | 1 | 0 |
_aAprendizaje de la matemática en el ciclo medio / _cPilar Cela y Teresa Cabello. |
| 260 |
_aMadrid : _bNarcea, _c1984. |
||
| 300 | _a131 p. | ||
| 440 | 0 | _aProyecto ciclo medio | |
| 650 | 4 |
_aMatemáticas _xEstudio y enseñanza (Elemental) _92809 |
|
| 700 | 1 |
_aCabello, Teresa, _ecoaut. |
|
| 905 | _aLibro | ||
| 999 |
_c4027 _d4027 |
||